000 00711nam a2200253Ia 4500
003 OSt
005 20220925221611.0
006 a|||||r|||| 00| 0
007 ta
008 220923b |||||||| |||| 00| 0 eng d
037 _cGeneral Book
040 _aRTL
_cRTL
_beng
041 _2eng
_aeng
082 _aX;89K.3.N7, L8
100 _aWhitby M C
_9286725
245 0 _aRural resources development
_b An economic approach
250 _aEd 2d
260 _aLondon
_bMethuen and co. UK
_c1978
300 _a303p.
_ccm.
650 _aRegional Economics
700 _a Willis K G
_9281569
942 _hX;89K.3.N7, L8
_cGB
_2CC
999 _c574751
_d574751